00506 2200181 4500001002100000005001500021035002000036245008100056100001900137250000600156300002800162260004900190082000800239084001400247020002100261600002500282990001700307INLIS00000000000149520230126013437 a0010-01230000141 aKamus Inggris Indonesia :bAn English-Indonesia Dictionary /cJohn M. Echols0 aJohn M. Echols a- a824 hlm. :b- ;c24 cm. aJakarta :bPT. Gramedia Pustaka Utama,c2019 a423 a423 JOH k a978-602-030564-6 4aKamus Bahasa Inggris a04989/P/2023